| 000 | 00373nam a2200133Ia 4500 | ||
|---|---|---|---|
| 008 | 231129s2010||||xx |||||||||||||| ||spa|| | ||
| 020 | _a978-84-8383-214-1 | ||
| 082 | _a843.92 L462m | ||
| 100 | _aLe Clézio J.M.G | ||
| 245 | 0 | _aMondo y otras historias | |
| 260 | _c2010 | ||
| 264 | _aBarcelona: Tusquets Editores S.A | ||
| 942 |
_2ddc _cBKS |
||
| 999 |
_c21367 _d21367 |
||